| 000 | 00379nam a2200145Ia 4500 | ||
|---|---|---|---|
| 008 | 230917s9999||||xx |||||||||||||| ||und|| | ||
| 040 |
_e151501 _aMAIN |
||
| 041 | _aEnglish | ||
| 082 | _a294.12 V559R | ||
| 100 | _aVijay Pal | ||
| 245 | 0 | _aRigvedanukramani: Hindi vyakhya samhita | |
| 260 |
_aBahalgarh Sonepat _bYudhishathir Mimansak _c1979 |
||
| 300 | _a332 p. | ||
| 942 | _cBK | ||
| 999 |
_c223877 _d223877 |
||